000 00692nmm a2200253 a 4500
003 AR-BaBNM
005 20251128210652.0
008 090120s1987 ||||||||||||||000 | spa||
040 _cAR-BaBNM
100 1 _aBailey, Alice A.
245 1 0 _aLa educación en la nueva era
250 _a3ª ed.
260 _aBuenos Aires
_bFundación Lucis
_c1987
300 _a161 p.
500 _aEl presente ejemplar contiene dedicatoria de la autora al ministro J. Llach
650 4 _aFILOSOFIA DE LA EDUCACION
650 4 _aFINALIDADES DE LA EDUCACION
650 4 _aRELIGION
650 4 _aESPIRITUALISMO
650 4 _aMISTICISMO
653 _aESOTERISMO
942 _cBK
998 _cRAQUEL
999 _c16368
_d16368